书目信息 |
| 题名: |
俄勒冈实验
|
|
| 作者: | 亚历山大 著 ;赵冰 , 刘小虎 译 | |
| 分册: | ||
| 出版信息: | 北京 知识产权出版社 2001.11 |
|
| 页数: | 108页 | |
| 开本: | 20cm | |
| 丛书名: | ||
| 单 册: | ||
| 中图分类: | TU , TU984 | |
| 科图分类: | ||
| 主题词: | 城市规划 | |
| 电子资源: | ||
| ISBN: | 7-80011-629-8 | |
| 000 | 00652nam0 2200217 45 | |
| 001 | 0330380929 | |
| 005 | 2003032908262082 | |
| 010 | @a7-80011-629-8@dRMB 20.00 | |
| 100 | @a20030329d2001 km y0chiy0120 ea | |
| 101 | 0 | @achi |
| 200 | 1 | @a俄勒冈实验@Ae le gang shi yan@f(美)亚历山大著;赵冰,刘小虎译@F(mei)ya li shan da zhu;zhao bing,liu xiao hu yi |
| 210 | @a北京@c知识产权出版社@d2001.11 | |
| 215 | @a108页@d20cm | |
| 606 | 0 | @a城市规划 |
| 690 | @aTU@v3 | |
| 690 | @aTU984@v4 | |
| 701 | 0 | @a亚历山大@Aya li shan da@4著 |
| 702 | 0 | @a赵冰@Azhao bing@4译 |
| 702 | 0 | @a刘小虎@Aliu xiao hu@4译 |
| 801 | 0 | @aCN@bPFT@c20030329 |
| 905 | @a10447@dTU984@eY020 | |
| 俄勒冈实验/(美)亚历山大著;赵冰,刘小虎译.-北京:知识产权出版社,2001.11 |
| 108页;20cm |
| ISBN 7-80011-629-8:RMB 20.00 |
| ● |
| 相关链接 |
|
|
|
正题名:俄勒冈实验
索取号:TU984/Y020
 
预约/预借
| 序号 | 登录号 | 条形码 | 馆藏地/架位号 | 状态 | 备注 |
| 1 | 367357 | 203673578 | 建筑库201/201建筑库 61排4列2层/ [索取号:TU984/Y020] | 在馆 | |
| 2 | 367358 | 203673587 | 建筑库201/201建筑库 61排4列2层/ [索取号:TU984/Y020] | 在馆 |